书目信息 |
| 题名: |
倾心育德 静待花开
|
|
| 作者: | 马友平 , 黄青春 主编 | |
| 分册: | ||
| 出版信息: | 长春 吉林大学出版社 2021.01 |
|
| 页数: | 149页 | |
| 开本: | 21cm | |
| 丛书名: | ||
| 单 册: | ||
| 中图分类: | G41 | |
| 科图分类: | ||
| 主题词: | 德育--教学研究 | |
| 电子资源: | ||
| ISBN: | 978-7-5692-6529-3 | |
| 000 | 00916nam0 2200253 450 | |
| 001 | 012001001412 | |
| 005 | 20140201143802.0 | |
| 010 | @a978-7-5692-6529-3@dCNY36.00 | |
| 100 | @a20220905d2020 em y0chiy50 ea | |
| 101 | 0 | @achi |
| 102 | @aCN@b220000 | |
| 105 | @aa z 000yy | |
| 106 | @ar | |
| 200 | 1 | @a倾心育德 静待花开@Aqing xin yu de jing dai hua kai@e深度德育实践探索文集@f马友平,黄青春主编 |
| 210 | @a长春@c吉林大学出版社@d2021.01 | |
| 215 | @a149页@c照片@d21cm | |
| 330 | @a本书收录《亦师亦生》《爱弥儿牵手小黑妞走进理想国》《蹲下身子,方能走进心门》《小帅变形记》《教育二三事》《立德树人——鼓励和赞赏的力量》等文章。 | |
| 517 | 1 | @a深度德育实践探索文集@Ashen du de yu shi jian tan suo wen ji |
| 606 | 0 | @a德育@x教学研究 |
| 690 | @aG41@v5 | |
| 701 | 0 | @a马友平@Ama you ping@4主编 |
| 701 | 0 | @a黄青春@Ahuang qing chun@4主编 |
| 801 | 0 | @aCN@bAHXH@c20221111 |
| 905 | @b1366278-82@dG41@e108@f5 | |
| 倾心育德 静待花开:深度德育实践探索文集/马友平,黄青春主编.-长春:吉林大学出版社,2021.01 |
| 149页:照片;21cm |
| ISBN 978-7-5692-6529-3:CNY36.00 |
| 本书收录《亦师亦生》《爱弥儿牵手小黑妞走进理想国》《蹲下身子,方能走进心门》《小帅变形记》《教育二三事》《立德树人——鼓励和赞赏的力量》等文章。 |
| ● |
| 相关链接 |
|
|
|
|
正题名:倾心育德 静待花开
索取号:G41/108
 
预约/预借
| 序号 | 登录号 | 条形码 | 馆藏地/架位号 | 状态 | 备注 |
| 1 | 1366278 | 213662785 | 第一样本阅览室/ [索取号:G41/108] | 在馆 | |
| 2 | 1366279 | 213662794 | 教育系资料室/ [索取号:G41/108] | 在馆 | |
| 3 | 1366280 | 213662801 | 教育系资料室/ [索取号:G41/108] | 在馆 | |
| 4 | 1366281 | 213662810 | 第四借阅区/ [索取号:G41/108] | 在馆 | |
| 5 | 1366282 | 213662829 | 第四借阅区/ [索取号:G41/108] | 在馆 |